000 00239nam a2200109Ia 4500
008 220204s9999 xx 000 0 und d
082 _a82-3
_bBOV
100 _aBova, Ben
245 0 _aColony
260 _aLondon
_bMagnum
_c1978
942 _cBK
999 _c35035
_d35035